00421nam a2200157Ia 4500008004100000040001900041041001200060082002500072100001800097245004600115260003000161300002100191504001900212650002200231850001000253131103s9999 xx 000 0 und d aLoreto College aEnglish a943/LOWbLCLIB/19960 aLowenstein,Zu 2aA Basic history of GermanycZu Lowenstein aBonnbInter Nationsc1964 a192 p. c 21 cm. aIncludes index aGermany - History aLCLIB